000 00307nam a2200121Ia 4500
008 190802s9999 xx 000 0 und d
020 _a978-969-9557-02-6
100 _aDoctor Mohammad Ali Siddiqui
245 0 _aFaiz Ahmed Faiz
260 _aLahore
_bPeace Publications
_c2011
300 _a184:p
942 _cBK
999 _c2513
_d2513